• Cintas Guillén, María Isabel

di Personal Name

Records bibliografici associati: 3

001 - CONTROL NUMBER

  • control field: 18685

003 - CONTROL NUMBER IDENTIFIER

  • control field: IT-RoINE

005 - DATE AND TIME OF LATEST TRANSACTION

  • control field: 20150427093252.0

008 - FIXED-LENGTH DATA ELEMENTS

  • fixed length control field: 150427|| aca||aabn | a|a d

040 ## - CATALOGING SOURCE

  • Original cataloging agency: IT-RoINE
  • Transcribing agency: IT-RoINE

100 ## - HEADING--PERSONAL NAME

  • Personal name: Cintas Guillén, María Isabel

670 ## - SOURCE DATA FOUND

  • Source citation: Work cat.: (IT-RoINE)0: Chaves Nogales, Manuel, 1897-1944 15172, Andalucía roja y "la Blanca Paloma" (y otros reportajes de la república) /, 2012.